00511cam a22001572 4500001001100000005001700011008004100028020003100069040001500100050001700115245008500132260004100217300001700258610004200275700003600317000000577520151217152005.0070717s xx 000 0 eng d a139870821364376 :cKES 350 aKABUcKABU 0aHF1385b.T7310aTrade, doha and development :ba window into issues /ced. by Richard Newfarmer. aWashington, DC :bWorld Bank,c2006. axiii, 382 p.20aWorld Trade Organization.@00001569901 aNewfarmer, Richard.@0000156991